00426cam a2200169ua 45000010005000000080039000050200018000440400009000620820011000711000025000822450044001072500009001512600035001603000017001956530014002126530030002261829110811n ii |||gr||||Z||||||asm a81-85905-47-9 cMAIN a370.54 aDevi, Ranu,eAuthor.1 aBharatar shikshar samasyacby Ranu Devi a2nd. aGuahati:bStudents Stores,997. a184p:c23cm. aEducation aBharatar shikshar samasya